[Event "Frankfurt Ch 2008"]
[Site "Ffm-Kalbach, LAZ"]
[Date "2008.05.19"]
[Round "3.1"]
[White "Reschke, Stefan"]
[Black "Zuyev, Igor"]
[Result "1/2-1/2"]
[WhiteElo "2360"]
[BlackElo "2265"]
[PlyCount "130"]
[EventDate "2008.??.??"]

1. Nf3 d5 2. d4 Nc6 3. Bf4 Bg4 4. e3 e6 5. c4 Nf6 6. a3 Bd6 7. Bg5 h6 8. Bh4
O-O 9. Nc3 Be7 10. Bd3 dxc4 11. Bxc4 Qd7 12. O-O g5 13. Bg3 Nh5 14. d5 exd5 15.
Nxd5 Nxg3 16. fxg3 Rad8 17. Qc2 Bxf3 18. gxf3 Kg7 19. Rad1 Bd6 20. f4 g4 21.
Qc3+ f6 22. Bb5 Nd4 23. Rxd4 Qxb5 24. Nxc7 Qd7 25. Nd5 Qc6 26. Rc1 Bxa3 27.
bxa3 Rxd5 28. Qxc6 bxc6 29. Rxc6 Rxd4 30. exd4 Rd8 31. Rc4 Kg6 32. Kf2 Rb8 33.
d5 Rb2+ 34. Ke3 Rxh2 35. d6 Kf7 36. Re4 Rb2 37. Re7+ Kf8 38. Rxa7 Ke8 39. Ke4
Rb3 40. Kf5 Rxg3 41. a4 Rg1 42. Rg7 g3 43. a5 g2 44. a6 Ra1 45. Rxg2 Kd7 46.
Rh2 Rxa6 47. Rxh6 Rxd6 48. Rxf6 Rd4 49. Kg5 Ke8 50. Kg6 Rd2 51. Re6+ Kf8 52.
Ra6 Rf2 53. f5 Rf4 54. Kf6 Kg8 55. Ra8+ Kh7 56. Ra2 Kg8 57. Ra8+ Kh7 58. Ke6
Kg7 59. Ra7+ Kg8 60. Kf6 Rf3 61. Rg7+ Kf8 62. Rg5 Rf1 63. Kg6 Rf2 64. Rg1 Rf3
65. Ra1 Rf2 1/2-1/2

[Event "Frankfurt Ch 2008"]
[Site "Ffm-Kalbach, LAZ"]
[Date "2008.05.19"]
[Round "3.2"]
[White "Stadtmueller, Harald"]
[Black "Pfrommer, Christoph"]
[Result "0-1"]
[WhiteElo "2192"]
[BlackElo "2403"]
[PlyCount "90"]
[EventDate "2008.??.??"]

1. d4 d5 2. Nf3 Nf6 3. Bf4 c5 4. e3 Nc6 5. c3 Qb6 6. Qb3 c4 7. Qc2 Bf5 8. Qc1
e6 9. Nbd2 Qd8 10. Be2 Be7 11. Ne5 Nxe5 12. Bxe5 O-O 13. O-O Ne4 14. Nxe4 Bxe4
15. b3 b5 16. f3 Bg6 17. bxc4 bxc4 18. Bd1 Qa5 19. a4 Rfd8 20. Rf2 Bd6 21. Rb2
Bxe5 22. dxe5 Rdb8 23. Raa2 Qc7 24. f4 Rxb2 25. Rxb2 Rb8 26. Qa1 h6 27. Kf2 Rb6
28. Rb5 Rxb5 29. axb5 Qb6 30. Qa4 Be4 31. Qb4 a6 32. Ba4 axb5 33. Qxb5 Qa7 34.
g3 Kh7 35. Ke2 Kg6 36. Kd2 Kf5 37. h3 Kg6 38. g4 Qe7 39. Qd7 Qa3 40. f5+ exf5
41. gxf5+ Bxf5 42. Bc2 Bxc2 43. Kxc2 Qb3+ 44. Kd2 Qb2+ 45. Kd1 Qb1+ 0-1

[Event "Frankfurt Ch 2008"]
[Site "Ffm-Kalbach, LAZ"]
[Date "2008.05.19"]
[Round "3.3"]
[White "Klundt, Klaus"]
[Black "Minor, Samuel"]
[Result "1/2-1/2"]
[WhiteElo "2378"]
[BlackElo "2179"]
[PlyCount "104"]
[EventDate "2008.??.??"]

1. e4 c5 2. Nf3 d6 3. Bb5+ Nc6 4. O-O Bd7 5. c3 a6 6. Ba4 Nf6 7. Re1 b5 8. Bc2
Bg4 9. h3 Bxf3 10. Qxf3 g6 11. a4 b4 12. a5 Rc8 13. Ba4 Nd7 14. d4 cxd4 15.
Bxc6 Rxc6 16. e5 Qc8 17. exd6 e5 18. Bf4 Bxd6 19. cxd4 O-O 20. dxe5 Nxe5 21.
Bxe5 Re8 22. Nc3 Rxe5 23. Ne4 Be7 24. Qd3 Rce6 25. f4 Rf5 26. g3 Qb7 27. Qf3
Qa7+ 28. Kg2 Qd4 29. Re2 Rd5 30. Rd2 Qxd2+ 31. Nxd2 Rxd2+ 32. Kf1 Bc5 33. Re1
Red6 34. Re2 Rd1+ 35. Kg2 R6d3 36. Qc6 Bd4 37. Qd6 Rxg3+ 38. Kxg3 Bf2+ 39. Kxf2
Rxd6 40. Re8+ Kg7 41. Ra8 Rd2+ 42. Kf3 Rxb2 43. Rxa6 Ra2 44. Rb6 Rxa5 45. Rxb4
Ra3+ 46. Kg2 h5 47. h4 Re3 48. Rb5 Kf6 49. Ra5 Ke6 50. f5+ gxf5 51. Ra6+ Ke5
52. Rh6 Kf4 1/2-1/2

[Event "Frankfurt Ch 2008"]
[Site "Ffm-Kalbach, LAZ"]
[Date "2008.05.19"]
[Round "3.4"]
[White "Orwatsch, Gerhard"]
[Black "Voropaev, Gleb"]
[Result "0-1"]
[WhiteElo "2088"]
[BlackElo "2287"]
[PlyCount "92"]
[EventDate "2008.??.??"]

1. d4 Nf6 2. Nf3 g6 3. Bf4 Bg7 4. e3 O-O 5. h3 d6 6. Be2 Nbd7 7. O-O Qe8 8.
Nbd2 e5 9. Bh2 Qe7 10. c3 Kh8 11. Nc4 Ng8 12. a4 b6 13. dxe5 Nxe5 14. Nfxe5
dxe5 15. Qd5 Ba6 16. Rfd1 Rab8 17. Bf1 Rfd8 18. Qe4 Re8 19. Rd2 Bb7 20. Qc2 Qe6
21. Rad1 Bc6 22. Na3 Nf6 23. Nb5 Rb7 24. b4 Qe7 25. Qb3 Ne4 26. Rb2 a6 27. Na3
Ra7 28. Nb1 a5 29. Ra2 Bf8 30. b5 Nc5 31. Qb2 Bb7 32. Nd2 Rd8 33. Qc2 Raa8 34.
Raa1 f6 35. Bc4 Bd5 36. e4 Be6 37. Be2 Qf7 38. f4 Bh6 39. c4 exf4 40. Nf3 g5
41. Nd4 Bf8 42. Nc6 Rxd1+ 43. Rxd1 Bd6 44. Kh1 Qg6 45. Bf3 h5 46. e5 Qxc2 0-1

[Event "Frankfurt Ch 2008"]
[Site "Ffm-Kalbach, LAZ"]
[Date "2008.05.19"]
[Round "3.5"]
[White "Weiss, Matthias"]
[Black "Solonar, Stefan"]
[Result "0-1"]
[WhiteElo "2046"]
[BlackElo "2363"]
[PlyCount "74"]
[EventDate "2008.??.??"]

1. e4 d6 2. d4 Nf6 3. Nc3 g6 4. Nf3 Bg7 5. Be2 O-O 6. h3 c5 7. d5 Na6 8. O-O
Nc7 9. a4 Rb8 10. Be3 a6 11. a5 b5 12. axb6 Rxb6 13. Ra2 e6 14. dxe6 Bxe6 15.
b3 Re8 16. Qd3 Rb4 17. Rd1 c4 18. Qxd6 Qxd6 19. Rxd6 cxb3 20. cxb3 Rxb3 21. Rc6
Nb5 22. Bxb5 axb5 23. Ra7 b4 24. Ne2 Nxe4 25. Ned4 Bd5 26. Nxb3 Bxc6 27. Bd4
Bd5 28. Bxg7 Kxg7 29. Nfd4 Nc3 30. Kh2 Ne2 31. Rd7 Ba8 32. Ra7 Nf4 33. Kg3 Nd3
34. Ne6+ Rxe6 35. Rxa8 Re2 36. Kf3 Rxf2+ 37. Ke3 Rb2 0-1

[Event "Frankfurt Ch 2008"]
[Site "Ffm-Kalbach, LAZ"]
[Date "2008.05.19"]
[Round "3.6"]
[White "Schramm, Christian"]
[Black "Escher, Helmut"]
[Result "1-0"]
[WhiteElo "2331"]
[BlackElo "2078"]
[PlyCount "57"]
[EventDate "2008.??.??"]

1. e4 d5 2. exd5 Qxd5 3. Nc3 Qa5 4. Bc4 Nf6 5. Nge2 c6 6. O-O Bf5 7. Ng3 Bg6 8.
Qe2 e6 9. f4 Bc5+ 10. Kh1 O-O 11. d3 Nbd7 12. Nce4 Qc7 13. Nxf6+ Nxf6 14. Ne4
Be7 15. g4 b5 16. Bb3 Bxe4+ 17. dxe4 Nd7 18. c3 g6 19. f5 exf5 20. exf5 Nc5 21.
Bh6 Nxb3 22. Bxf8 Bxf8 23. axb3 c5 24. Qe4 Rd8 25. Rad1 c4 26. Rxd8 Qxd8 27.
bxc4 bxc4 28. Qxc4 gxf5 29. Rxf5 1-0

[Event "Frankfurt Ch 2008"]
[Site "Ffm-Kalbach, LAZ"]
[Date "2008.05.19"]
[Round "3.7"]
[White "Marzahn, Heiko"]
[Black "Isserman, Ryhor"]
[Result "0-1"]
[WhiteElo "1938"]
[BlackElo "2273"]
[PlyCount "110"]
[EventDate "2008.??.??"]

1. e4 c5 2. Na3 g6 3. Nf3 Bg7 4. c3 d6 5. d4 cxd4 6. Nxd4 Nf6 7. Bb5+ Nbd7 8.
Qe2 O-O 9. O-O Nc5 10. f3 a6 11. Bd3 b5 12. Be3 Nxd3 13. Qxd3 Bb7 14. Ne2 Qc7
15. Nf4 e6 16. c4 b4 17. Nc2 a5 18. Rfd1 Rfd8 19. Nd4 Ba6 20. Nfxe6 fxe6 21.
Nxe6 Qxc4 22. Qxc4 Bxc4 23. Nxd8 Rxd8 24. Bb6 Ra8 25. Rxd6 Ne8 26. Rd2 a4 27.
a3 Rb8 28. Bc5 b3 29. Kf2 Be6 30. Bd4 Bf8 31. Rc1 Nd6 32. Be5 Rb6 33. Bxd6 Bxd6
34. g3 Kf7 35. Ke3 Ke7 36. f4 Rb5 37. Kd4 Bb8 38. Kd3 Rb7 39. Ke3 Ba7+ 40. Kf3
h5 41. Rc3 Bb6 42. Rdd3 Bg4+ 43. Kg2 Be2 44. Rd5 Rd7 45. Rc6 Bd4 46. Rxg6 Bxb2
47. Ra5 Bd3 48. Kf3 Bc3 49. Rxh5 b2 50. Rh7+ Kd8 51. Rxd7+ Kxd7 52. Rb6 Kc7 53.
Rxb2 Bxb2 54. g4 Bxa3 55. h4 Bf8 0-1

[Event "Frankfurt Ch 2008"]
[Site "Ffm-Kalbach, LAZ"]
[Date "2008.05.19"]
[Round "3.8"]
[White "Schlamp, Robert"]
[Black "Richter, Tobias"]
[Result "1-0"]
[WhiteElo "2333"]
[BlackElo "2099"]
[PlyCount "91"]
[EventDate "2008.??.??"]

1. e4 e5 2. Nf3 Nc6 3. Nc3 Nf6 4. Bb5 d6 5. d4 exd4 6. Qxd4 Bd7 7. Bxc6 Bxc6 8.
Bg5 Be7 9. O-O-O O-O 10. Rhe1 Nd7 11. Bf4 Bf6 12. Qc4 a5 13. g4 Nb6 14. Qd3 Qc8
15. g5 Bxc3 16. Qxc3 Qg4 17. Bd2 Na4 18. Qa3 Nc5 19. Nd4 Bd7 20. f3 Qh4 21. Re2
Rfe8 22. Qe3 b6 23. Be1 Qh3 24. Bg3 Re7 25. Red2 Rae8 26. Ne2 Bc8 27. Nf4 Qd7
28. Nd5 Re6 29. Qc3 Bb7 30. Nf4 Re5 31. h4 g6 32. Ng2 R5e7 33. Ne3 Qh3 34. Ng4
Re6 35. Be1 Bxe4 36. Rh2 Qxf3 37. Nh6+ Kf8 38. Rf2 Qxd1+ 39. Kxd1 Bf5 40. Rf1
Re5 41. Bg3 Ne4 42. Qxc7 R8e7 43. Qxb6 Rd5+ 44. Kc1 Nxg3 45. Qd8+ Re8 46. Qf6
1-0

[Event "Frankfurt Ch 2008"]
[Site "Ffm-Kalbach, LAZ"]
[Date "2008.05.19"]
[Round "3.10"]
[White "Stelzer, Harald"]
[Black "Svitek, Volker"]
[Result "1-0"]
[WhiteElo "2228"]
[BlackElo "2104"]
[PlyCount "120"]
[EventDate "2008.??.??"]

1. e4 c5 2. Nf3 Nc6 3. d4 cxd4 4. Nxd4 Nf6 5. Nc3 e5 6. Ndb5 d6 7. Bg5 a6 8.
Bxf6 gxf6 9. Na3 b5 10. Nd5 Be6 11. g3 Bg7 12. c3 O-O 13. Bg2 Rc8 14. Nc2 f5
15. O-O fxe4 16. Bxe4 f5 17. Bg2 Ne7 18. a4 e4 19. Nxe7+ Qxe7 20. axb5 axb5 21.
Qd2 Bc4 22. Rfe1 Be5 23. Ne3 Bd3 24. f4 Bg7 25. Nxf5 Qf6 26. Nxg7 Qxg7 27. Bxe4
Bc4 28. Bg2 b4 29. Qxd6 bxc3 30. bxc3 Qxc3 31. Rac1 Qd3 32. Qxd3 Bxd3 33. Bd5+
Kg7 34. Re7+ Kf6 35. Rce1 Bf5 36. Ra7 Rfd8 37. Rf7+ Kg6 38. Rxf5 Kxf5 39. Be6+
Kf6 40. Bxc8 Rxc8 41. Kf2 Rc3 42. Kg2 Rc2+ 43. Kh3 Rf2 44. Rg1 Ra2 45. Rg2 Ra5
46. Kh4 Kg6 47. Rb2 Ra4 48. h3 Rc4 49. Rb6+ Kg7 50. Kg5 Rc5+ 51. f5 Rc3 52.
Rb7+ Kf8 53. Kh4 Kg8 54. g4 Rf3 55. Ra7 Re3 56. g5 Re4+ 57. Kh5 Rf4 58. f6 Rf3
59. Rg7+ Kh8 60. Ra7 Rxh3+ 1-0

[Event "Frankfurt Ch 2008"]
[Site "Ffm-Kalbach, LAZ"]
[Date "2008.05.19"]
[Round "3.11"]
[White "Koch, Ulrich"]
[Black "Sadeghi, Behrang"]
[Result "0-1"]
[WhiteElo "1859"]
[BlackElo "2283"]
[PlyCount "71"]
[EventDate "2008.??.??"]
[WhiteTeam "SC Frankfurt-West"]
[BlackTeam "SG Turm Idstein"]

1. d4 e6 2. Nd2 Nf6 3. e3 c5 4. c3 b6 5. Ngf3 Bb7 6. Bd3 Be7 7. O-O Qc7 8. Re1
Nc6 9. Qe2 a6 10. a4 d6 11. e4 cxd4 12. Nxd4 Ne5 13. Bb1 Ng6 14. Nf1 O-O 15.
Kh1 Rfe8 16. f3 Bf8 17. Bd2 Nh5 18. Bc2 Nhf4 19. Bxf4 Nxf4 20. Qd2 e5 21. Ne2
Ne6 22. Ne3 Rac8 23. Red1 Nc5 24. b4 Nd7 25. Bb3 Nf6 26. Qd3 Rcd8 27. c4 g6 28.
b5 a5 29. Nc3 Rd7 30. Ra2 Qb8 31. Rc2 Bh6 32. Ned5 Bxd5 33. cxd5 Rc8 34. Ne2
Rdc7 35. Rxc7 Rxc7 36. g3 {Rest unleserlich!} 0-1

[Event "Frankfurt Ch 2008"]
[Site "Ffm-Kalbach, LAZ"]
[Date "2008.05.19"]
[Round "3.12"]
[White "Kayser, Felix"]
[Black "Kabir, Razaul"]
[Result "1-0"]
[WhiteElo "2206"]
[BlackElo "2100"]
[PlyCount "83"]
[EventDate "2008.??.??"]

1. e4 c5 2. Nc3 e6 3. f4 d5 4. Nf3 Nc6 5. Bb5 Nf6 6. d3 Qb6 7. Ne5 a6 8. Ba4
Be7 9. O-O O-O 10. Bxc6 bxc6 11. Qe1 a5 12. Rf3 Ne8 13. Rb1 a4 14. Bd2 Ra7 15.
Kh1 Nd6 16. Rh3 f5 17. Qe2 g6 18. Rg3 Kh8 19. Nxg6+ hxg6 20. Rxg6 Rf7 21. e5
Nb5 22. g4 Bf8 23. Rg1 Nd4 24. Qg2 Rg7 25. Rh6+ Kg8 26. Qh3 Kf7 27. Qh5+ Ke7
28. Rh8 Qxb2 29. Be1 Nf3 30. Bh4+ Nxh4 31. Qxh4+ Ke8 32. Qh5+ Raf7 33. g5 Qxc3
34. g6 Rb7 35. Qg5 Rbf7 36. gxf7+ Rxf7 37. Qg6 Qa5 38. Rh7 Qa7 39. Rb1 c4 40.
Rb8 Kd8 41. Rxf7 Qxb8 42. Qf6+ 1-0

[Event "Frankfurt Ch 2008"]
[Site "Ffm-Kalbach, LAZ"]
[Date "2008.05.19"]
[Round "3.13"]
[White "Wehhofer, Josef"]
[Black "Schlapp, Thomas"]
[Result "0-1"]
[WhiteElo "1634"]
[BlackElo "2257"]
[PlyCount "54"]
[EventDate "2008.??.??"]

1. d4 Nf6 2. c4 e6 3. Nc3 Bb4 4. Nf3 b6 5. Bg5 Bb7 6. e3 h6 7. Bxf6 Qxf6 8. Be2
c5 9. O-O Bxc3 10. bxc3 d6 11. Qc2 Nc6 12. Rab1 O-O 13. Nd2 Qe7 14. d5 Ne5 15.
f4 Ng6 16. e4 exd5 17. f5 dxe4 18. fxg6 fxg6 19. Rxf8+ Rxf8 20. Rf1 Rf5 21. Re1
Qg5 22. Nf1 e3 23. Bd3 Rf2 24. Nxe3 Rxc2 25. Bxc2 Kh7 26. g3 Qe5 27. Rd1 Qxe3+
0-1

[Event "Frankfurt Ch 2008"]
[Site "Ffm-Kalbach, LAZ"]
[Date "2008.05.19"]
[Round "3.14"]
[White "Reschke, Thomas"]
[Black "Henzner, Reiner"]
[Result "1-0"]
[WhiteElo "2226"]
[BlackElo "2094"]
[PlyCount "57"]
[EventDate "2008.??.??"]

1. c4 Nf6 2. Nc3 e5 3. a3 a5 4. g3 Be7 5. Bg2 O-O 6. e3 Re8 7. Nge2 c6 8. d4
exd4 9. Nxd4 Bf8 10. O-O Na6 11. e4 Nc5 12. Re1 d6 13. h3 a4 14. Kh2 Nfd7 15.
f4 Nb6 16. Bf1 Ne6 17. Be3 Nxd4 18. Qxd4 c5 19. Qd3 Be6 20. Nd5 Nxd5 21. cxd5
Bd7 22. Bd2 f6 23. Bc3 g6 24. e5 fxe5 25. fxe5 dxe5 26. d6 Bf5 27. Qd5+ Kh8 28.
Rxe5 Rxe5 29. Qxe5+ 1-0

[Event "Frankfurt Ch 2008"]
[Site "Ffm-Kalbach, LAZ"]
[Date "2008.05.19"]
[Round "3.17"]
[White "Göbel, Andreas"]
[Black "Kreiling, Carsten"]
[Result "1/2-1/2"]
[WhiteElo "2052"]
[BlackElo "2126"]
[PlyCount "76"]
[EventDate "2008.??.??"]

1. Nf3 Nf6 2. g3 d5 3. Bg2 e6 4. O-O Be7 5. c4 O-O 6. b3 b6 7. Bb2 Bb7 8. Ne5
Nbd7 9. Nxd7 Qxd7 10. Nc3 c5 11. cxd5 Nxd5 12. Nxd5 Bxd5 13. Bxd5 Qxd5 14. d3
Rfd8 15. Qc2 Rac8 16. Qc4 h5 17. Qxd5 Rxd5 18. Rac1 Rcd8 19. Kg2 f5 20. f4 Kf7
21. h4 Bf6 22. Rc2 Bxb2 23. Rxb2 Kf6 24. Rf3 Rd4 25. Rc2 Rb4 26. Rc4 Rd4 27.
Rxd4 Rxd4 28. a3 a5 29. Rf1 e5 30. fxe5+ Kxe5 31. Rc1 f4 32. Rc4 fxg3 33. Kxg3
Rd6 34. Re4+ Kf5 35. Rf4+ Ke5 36. Re4+ Kf5 37. Rf4+ Ke5 38. Re4+ Kf5 1/2-1/2

[Event "Frankfurt Ch 2008"]
[Site "Ffm-Kalbach, LAZ"]
[Date "2008.05.19"]
[Round "3.18"]
[White "Von Auer, Ulrich"]
[Black "Faqiry, Ramat"]
[Result "1/2-1/2"]
[WhiteElo "2101"]
[BlackElo "1984"]
[PlyCount "75"]
[EventDate "2008.??.??"]

1. d4 Nf6 2. c4 e6 3. g3 d5 4. Bg2 c6 5. Nf3 Bb4+ 6. Bd2 Bxd2+ 7. Nbxd2 O-O 8.
Qc2 Nbd7 9. O-O Qe7 10. e4 dxe4 11. Nxe4 Nxe4 12. Qxe4 Nf6 13. Qe3 Rd8 14. Rad1
a5 15. Rfe1 Qb4 16. Qe2 Bd7 17. Ne5 Be8 18. Rd2 Rac8 19. Red1 Qb6 20. h4 Qc7
21. Bh3 Qe7 22. Rd3 Nd7 23. Nf3 Nf6 24. R3d2 Rc7 25. Kg2 b5 26. b3 bxc4 27.
bxc4 Rb7 28. Rb2 Rdb8 29. Rdb1 a4 30. Qc2 Rxb2 31. Rxb2 Rxb2 32. Qxb2 Qa7 33.
c5 Nd5 34. Ne5 g6 35. Bg4 Kg7 36. Qa3 Qa5 37. Bd1 Qd2 38. Qd3 1/2-1/2

[Event "Frankfurt Ch 2008"]
[Site "Ffm-Kalbach, LAZ"]
[Date "2008.05.19"]
[Round "3.19"]
[White "Syed, Tareq"]
[Black "Balló, Harald"]
[Result "1/2-1/2"]
[WhiteElo "2124"]
[BlackElo "1981"]
[PlyCount "91"]
[EventDate "2008.??.??"]

1. d3 d5 2. Nd2 e5 3. e4 d4 4. g3 c5 5. Bh3 Nc6 6. Kf1 Bd6 7. Kg2 Nge7 8. Bxc8
Rxc8 9. a4 O-O 10. Nc4 f5 11. exf5 Rxf5 12. Bd2 Bc7 13. Nh3 Qd5+ 14. f3 Rcf8
15. Ng5 h6 16. Ne4 b6 17. h4 Nc8 18. Rf1 a6 19. b3 Qd7 20. Qe2 Qe7 21. g4 R5f7
22. Qe1 Nb4 23. Rc1 Nd5 24. Qg3 Na7 25. h5 Nc6 26. Rce1 Ncb4 27. Rc1 Nf4+ 28.
Bxf4 exf4 29. Qh2 Nd5 30. Rg1 Ne3+ 31. Kh1 Kh8 32. g5 Nf5 33. gxh6 gxh6 34. Rg6
Kh7 35. a5 Ng3+ 36. Kg2 Rf5 37. Qh3 b5 38. Nb6 Rxh5 39. Qd7 Qxd7 40. Nxd7 Rf7
41. Rxg3 fxg3 42. Ndf6+ Kg6 43. Nxh5 Kxh5 44. Nxg3+ Bxg3 45. Kxg3 Re7 46. Kf2
1/2-1/2

[Event "Frankfurt Ch 2008"]
[Site "Ffm-Kalbach, LAZ"]
[Date "2008.05.19"]
[Round "3.20"]
[White "Sarközy, Benjamin"]
[Black "Schwenkreis, Thomas"]
[Result "0-1"]
[WhiteElo "1787"]
[BlackElo "2052"]
[PlyCount "38"]
[EventDate "2008.??.??"]

1. e4 e5 2. Nf3 Nc6 3. Bc4 Nf6 4. Ng5 d5 5. exd5 Na5 6. Bb5+ Bd7 7. Qe2 Bd6 8.
d4 O-O 9. Nf3 exd4 10. O-O Nxd5 11. Bg5 f6 12. Bd2 c6 13. Qe4 Bc5 14. Bxa5 Qxa5
15. Bc4 Rfe8 16. Bxd5+ cxd5 17. Qxd5+ Be6 18. Qxb7 Rab8 19. Qc6 Rbc8 0-1

[Event "Frankfurt Ch 2008"]
[Site "Ffm-Kalbach, LAZ"]
[Date "2008.05.19"]
[Round "3.21"]
[White "Mustafa, Wail"]
[Black "Genis, Roy"]
[Result "1-0"]
[WhiteElo "2104"]
[BlackElo "1917"]
[PlyCount "117"]
[EventDate "2008.??.??"]

1. Nf3 d5 2. d4 Nf6 3. c4 c6 4. e3 e6 5. a3 Nbd7 6. Nc3 Bd6 7. Qc2 O-O 8. e4
dxe4 9. Nxe4 Nxe4 10. Qxe4 Nf6 11. Qc2 Qc7 12. Bd3 Re8 13. O-O Bf4 14. Re1 Bd7
15. b4 a5 16. Bb2 axb4 17. axb4 Rxa1 18. Rxa1 h6 19. Qe2 e5 20. Nxe5 Ng4 21.
Qe4 Bxh2+ 22. Kf1 f5 23. Qe2 Nxe5 24. dxe5 Bxe5 25. Bxe5 Qxe5 26. Qxe5 Rxe5 27.
Ra7 Kf7 28. Rxb7 Re7 29. Rc7 g6 30. Be2 Ke6 31. Ke1 Kd6 32. Ra7 Bc8 33. Ra8 Kc7
34. Kd2 Kb7 35. Ra3 Kb6 36. c5+ Kc7 37. Bd3 Kb8 38. Kc3 Ra7 39. Rxa7 Kxa7 40.
Kd4 Ba6 41. Bc2 Bf1 42. g3 Ka6 43. Ba4 Bb5 44. Bb3 Be2 45. Bf7 g5 46. f4 gxf4
47. gxf4 Kb5 48. Kc3 h5 49. Be6 Bg4 50. Bc4+ Ka4 51. Bf1 Bf3 52. Bd3 Bg4 53. b5
cxb5 54. c6 Bf3 55. c7 Bb7 56. Bxf5 Ka3 57. c8=Q Bxc8 58. Bxc8 b4+ 59. Kc2 1-0

[Event "Frankfurt Ch 2008"]
[Site "Ffm-Kalbach, LAZ"]
[Date "2008.05.19"]
[Round "3.22"]
[White "Behnick, Eckhard"]
[Black "Winand, Edgar"]
[Result "1-0"]
[WhiteElo "2156"]
[BlackElo "1778"]
[PlyCount "91"]
[EventDate "2008.??.??"]

1. e4 d6 2. d4 g6 3. c4 Bg7 4. Nc3 Nc6 5. Be3 e5 6. Nge2 Bd7 7. d5 Nce7 8. Qd2
f5 9. f3 h6 10. O-O-O Nf6 11. Kb1 a6 12. c5 b5 13. a3 fxe4 14. fxe4 Ng4 15. Bg1
h5 16. h3 Bh6 17. Qd3 Nf6 18. c6 Bc8 19. Be3 Nf5 20. Bxh6 Nxh6 21. g3 g5 22.
Bg2 g4 23. h4 Rb8 24. b4 a5 25. Rhf1 axb4 26. axb4 Ra8 27. Kb2 Ba6 28. Rf2 Rf8
29. Rdf1 Nhg8 30. Qe3 Ke7 31. Qg5 Qb8 32. Nc1 Bc8 33. Qe3 Ra6 34. Nb3 Rb6 35.
Qg5 Ra6 36. Nc5 Ra7 37. Nd3 Qb6 38. Nxe5 dxe5 39. Qxe5+ Kd8 40. Rxf6 Nxf6 41.
Rxf6 Rxf6 42. Qxf6+ Ke8 43. Bf1 Qe3 44. Bxb5 Ba6 45. d6 cxd6 46. c7+ 1-0

[Event "Frankfurt Ch 2008"]
[Site "Ffm-Kalbach, LAZ"]
[Date "2008.05.19"]
[Round "3.23"]
[White "Ostermeier, Thorsten"]
[Black "Kolker, Vladislav"]
[Result "1-0"]
[WhiteElo "1943"]
[BlackElo "2091"]
[PlyCount "81"]
[EventDate "2008.??.??"]

1. d4 Nf6 2. c4 g6 3. Nc3 Bg7 4. e4 d6 5. h3 O-O 6. g4 e5 7. d5 a5 8. Nf3 Na6
9. Be3 c6 10. Nd2 Ne8 11. g5 f5 12. gxf6 Qxf6 13. Rh2 Qh4 14. Nf3 Qe7 15. Be2
Nec7 16. Qd2 cxd5 17. cxd5 b5 18. Bg5 Qe8 19. Qe3 b4 20. Nb1 Nc5 21. Nbd2 Ba6
22. Bxa6 Rxa6 23. h4 Qb5 24. O-O-O Qd3 25. Ne1 Qb5 26. Kb1 a4 27. h5 b3 28. a3
Qd7 29. hxg6 hxg6 30. Nd3 Nxd3 31. Qxd3 Qg4 32. Rc1 Qxg5 33. Rxc7 Qg1+ 34. Nf1
Raa8 35. Qh3 Rf7 36. Rxf7 Kxf7 37. Qe6+ Kf8 38. Qxd6+ Kf7 39. Qe6+ Kf8 40. Qh3
Bh6 41. Qxh6+ 1-0

[Event "Frankfurt Ch 2008"]
[Site "Ffm-Kalbach, LAZ"]
[Date "2008.05.19"]
[Round "3.24"]
[White "Czech, Ludwig"]
[Black "Bastian, Holger"]
[Result "1-0"]
[WhiteElo "2075"]
[BlackElo "1775"]
[PlyCount "77"]
[EventDate "2008.??.??"]

1. c4 Nf6 2. g3 g6 3. Bg2 Bg7 4. Nc3 O-O 5. e4 d6 6. Nge2 c5 7. O-O Nc6 8. a3
a6 9. Rb1 Qa5 10. d3 Bg4 11. Bd2 Rab8 12. h3 Bd7 13. f4 b5 14. Nxb5 Qb6 15.
Nbc3 Nd4 16. Nxd4 cxd4 17. Ne2 e5 18. b4 Bc6 19. fxe5 dxe5 20. Bg5 Qd8 21. Qd2
Qd6 22. Kh2 Nd7 23. Qa2 Qe6 24. Ng1 f6 25. Bc1 Kh8 26. Rb2 f5 27. exf5 gxf5 28.
Bxc6 Qxc6 29. Rbf2 Qg6 30. Qe2 Nf6 31. Nf3 Nh5 32. Rg1 f4 33. gxf4 Qd6 34. Ng5
Nxf4 35. Bxf4 exf4 36. Qh5 h6 37. Nf7+ Rxf7 38. Qxf7 Be5 39. Rg6 1-0

[Event "Frankfurt Ch 2008"]
[Site "Ffm-Kalbach, LAZ"]
[Date "2008.05.19"]
[Round "3.25"]
[White "Schreiner, Roland"]
[Black "Benikhis, Avram"]
[Result "1-0"]
[WhiteElo "1956"]
[BlackElo "1774"]
[PlyCount "51"]
[EventDate "2008.??.??"]

1. d4 Nf6 2. c4 e6 3. Nf3 d5 4. Nc3 c6 5. e3 Be7 6. Bd3 O-O 7. O-O Nbd7 8. Qe2
b6 9. b3 Bb7 10. Bb2 Rc8 11. Rac1 Re8 12. Rfd1 Bd6 13. cxd5 cxd5 14. Nb5 Rxc1
15. Rxc1 Bb8 16. Qc2 Ba6 17. Ba3 e5 18. dxe5 Nxe5 19. Nxe5 Rxe5 20. Nd4 Bxd3
21. Qxd3 Re8 22. Nc6 Qc7 23. Ne7+ Rxe7 24. Rxc7 Rxc7 25. g3 Rc8 26. Be7 1-0

[Event "Frankfurt Ch 2008"]
[Site "Ffm-Kalbach, LAZ"]
[Date "2008.05.19"]
[Round "3.26"]
[White "Matthis, Peter"]
[Black "Bischoff, Ulrich"]
[Result "1/2-1/2"]
[WhiteElo "1775"]
[BlackElo "2101"]
[PlyCount "76"]
[EventDate "2008.??.??"]

1. e4 c6 2. d4 g6 3. c4 Bg7 4. Nc3 d6 5. Nf3 Nf6 6. Be2 O-O 7. O-O Nbd7 8. h3
e5 9. dxe5 dxe5 10. Qc2 Qe7 11. Be3 h6 12. Rfd1 Ne8 13. Nd2 Nc7 14. Rab1 a5 15.
a3 Ne6 16. b4 Nd4 17. Qb2 Nf6 18. Bf1 axb4 19. axb4 Nh5 20. Ne2 Rd8 21. Ra1
Rxa1 22. Rxa1 Be6 23. Ra7 Rd7 24. Nc3 Kh7 25. c5 b5 26. cxb6 Rxa7 27. bxa7 Qxa7
28. b5 cxb5 29. Nxb5 Qb7 30. Qb1 Nxb5 31. Qxb5 Qxb5 32. Bxb5 g5 33. Bc5 Nf4 34.
Nf1 f5 35. Ng3 fxe4 36. Bc6 Bd5 37. Bxd5 Nxd5 38. Nxe4 Kg6 1/2-1/2

[Event "Frankfurt Ch 2008"]
[Site "Ffm-Kalbach, LAZ"]
[Date "2008.05.19"]
[Round "3.27"]
[White "Graebner, Walter"]
[Black "Gauf, Wolfgang"]
[Result "1/2-1/2"]
[WhiteElo "2053"]
[BlackElo "1758"]
[PlyCount "55"]
[EventDate "2008.??.??"]

1. Nf3 Nf6 2. d4 g6 3. c4 Bg7 4. Nc3 O-O 5. e4 d6 6. Be2 e5 7. dxe5 dxe5 8. O-O
c6 9. Qc2 Qe7 10. Rd1 Bg4 11. Bg5 Na6 12. a3 Bxf3 13. Bxf3 Rfd8 14. b4 Nc7 15.
Ne2 Ne6 16. Be3 Rxd1+ 17. Rxd1 a5 18. Qb2 axb4 19. axb4 Ne8 20. c5 N8c7 21. Bg4
Nb5 22. Qb3 Ra3 23. Qc4 Nbc7 24. Bc1 Ra8 25. Nc3 Rd8 26. Be3 Nd4 27. Be2 Nce6
28. Na4 1/2-1/2

[Event "Frankfurt Ch 2008"]
[Site "Ffm-Kalbach, LAZ"]
[Date "2008.05.19"]
[Round "3.28"]
[White "Koch, Markus"]
[Black "Mahnke, Ralf"]
[Result "1-0"]
[WhiteElo "1935"]
[BlackElo "1751"]
[PlyCount "125"]
[EventDate "2008.??.??"]

1. e4 e5 2. Nf3 Nc6 3. Bb5 a6 4. Ba4 Nf6 5. O-O Be7 6. Re1 b5 7. Bb3 d6 8. c3
O-O 9. h3 Bb7 10. d4 Re8 11. Nbd2 Bf8 12. a4 h6 13. d5 Nb8 14. Nf1 Nbd7 15. a5
Nc5 16. Bc2 c6 17. b4 Ncd7 18. Ne3 cxd5 19. exd5 e4 20. Nh2 Rc8 21. Ra3 Ne5 22.
Nhg4 Nc4 23. Nxc4 Rxc4 24. Nxf6+ Qxf6 25. Bd3 Rxc3 26. Bxe4 Rxa3 27. Bxa3 g6
28. Re2 Qg5 29. Bc1 Qh4 30. Qd3 Bg7 31. g3 Qd8 32. Be3 Qd7 33. Kh2 h5 34. Bb6
Rc8 35. Qd2 Kh7 36. Qg5 Re8 37. Qxh5+ Kg8 38. Qg5 Bc8 39. g4 Re5 40. Qd2 Qe7
41. Bf3 Rxe2 42. Bxe2 Bb7 43. Bf3 Qe5+ 44. Kg2 Qc3 45. Qg5 Bf6 46. Qf4 Be5 47.
Qe4 Qb3 48. h4 Qc4 49. g5 Qxe4 50. Bxe4 Bc3 51. Kg3 Bxb4 52. h5 gxh5 53. Kh4
Bc3 54. Kxh5 Kg7 55. f4 b4 56. Bc7 b3 57. Bxd6 b2 58. f5 Bxd5 59. f6+ Kg8 60.
Bb1 Bc4 61. Kh6 Bd5 62. Bh7+ Kh8 63. Bf8 1-0

[Event "Frankfurt Ch 2008"]
[Site "Ffm-Kalbach, LAZ"]
[Date "2008.05.19"]
[Round "3.29"]
[White "Plattner, Rolf"]
[Black "Biegel, Thomas"]
[Result "0-1"]
[WhiteElo "1922"]
[BlackElo "2030"]
[PlyCount "115"]
[EventDate "2008.??.??"]

1. d4 d5 2. Nf3 Nf6 3. Bf4 c5 4. e3 Nc6 5. c3 Qb6 6. Qc1 Bf5 7. Nh4 Bg6 8. Nxg6
hxg6 9. h3 e6 10. Nd2 Rc8 11. Qb1 Be7 12. Bd3 Nh5 13. Bh2 g5 14. Nf3 cxd4 15.
Nxd4 Nf6 16. Bg3 Nd7 17. Nb3 g4 18. h4 Nf6 19. Qd1 g6 20. Qe2 a5 21. Nd4 e5 22.
Nxc6 bxc6 23. Bxe5 Rh5 24. Bxf6 Bxf6 25. Qxg4 Rb8 26. Rb1 Qd8 27. Bxg6 Rxh4 28.
Qe6+ Qe7 29. Qxe7+ Kxe7 30. Rxh4 Bxh4 31. Bc2 Bf6 32. Kd2 Rh8 33. Bf5 Rh4 34.
b3 Kd6 35. Kd3 c5 36. f3 Bg7 37. Rd1 Kc6 38. e4 d4 39. cxd4 Bxd4 40. Rc1 Kb5
41. Rc2 Rh1 42. Bd7+ Kb6 43. Kc4 Rd1 44. Be8 Be5 45. b4 Rd4+ 46. Kb3 axb4 47.
a4 bxa3 48. Kxa3 f6 49. Bf7 Rd3+ 50. Ka2 Kc6 51. Bd5+ Kb6 52. Bc4 Rd1 53. Bf7
Kb5 54. Rc4 Rd2+ 55. Kb1 Rxg2 56. Rc2 Rg1+ 57. Rc1 Rg2 58. Rf1 0-1